Readings in organizations: structure, processes, behavior (Record no. 79978)

MARC details
000 -LEADER
fixed length control field 00855nam a2200205 a 4500
008 - FIXED-LENGTH DATA ELEMENTS--GENERAL INFORMATION
fixed length control field 120416s1973 ||||||||||||||||| || u
050 ## - LIBRARY OF CONGRESS CALL NUMBER
Classification number HM 131 Rea
100 ## - MAIN ENTRY--PERSONAL NAME
Personal name Gibson, James L
245 10 - TITLE STATEMENT
Title Readings in organizations: structure, processes, behavior
Statement of responsibility, etc. edited by James L. Gibson
260 ## - PUBLICATION, DISTRIBUTION, ETC.
Place of publication, distribution, etc. Dallas:
Name of publisher, distributor, etc. Business Publications
Date of publication, distribution, etc. 1973
300 ## - PHYSICAL DESCRIPTION
Extent xi, 483p. : ill
350 ## -
-- 0.00
650 ## - SUBJECT ADDED ENTRY--TOPICAL TERM
Topical term or geographic name entry element ORGANIZATIONAL SOCIOLOGY
650 #0 - SUBJECT ADDED ENTRY--TOPICAL TERM
Topical term or geographic name entry element ORGANIZATIONAL CHANGE
650 #0 - SUBJECT ADDED ENTRY--TOPICAL TERM
Topical term or geographic name entry element LEADERSHIP
700 ## - ADDED ENTRY--PERSONAL NAME
Personal name Donnelly, James H
700 ## - ADDED ENTRY--PERSONAL NAME
Personal name Ivencevich, John L
995 ## -
-- BINDERY (DAMAGED)
-- 0.00
-- 700039
-- CBU-MAIN LIBRARY (Kitwe)
-- 2
-- 0.00
-- HM 131 Rea
-- DAMAGED
-- 008717
-- Main Library Open Access Collection
995 ## -
-- ANNEX COLLECTION (Main Library)
-- 0.00
-- 020190
-- CBU-MAIN LIBRARY (Kitwe)
-- 1
-- 0.00
-- HM 131 Rea
-- AVAILABLE
-- 020190
-- Annex Low-Usage Collection
999 ## -
-- 79978
-- 79978
Holdings
Withdrawn status Lost status Source of classification or shelving scheme Damaged status Not for loan Permanent Location Current Location Shelving location Date acquired Total Checkouts Full call number Barcode Date last seen Copy number Price effective from Koha item type
          CBU-MAIN LIBRARY, KITWE. CBU-MAIN LIBRARY, KITWE.   06/29/2023   HM 131 Rea 008717 06/29/2023 1 06/29/2023 MONOGRAPH
          CBU-MAIN LIBRARY, KITWE. CBU-MAIN LIBRARY, KITWE.   06/29/2023   HM 131 Rea 020190 06/29/2023 2 06/29/2023 MONOGRAPH